| 000 | 00445nam a2200181Ia 4500 | ||
|---|---|---|---|
| 003 | 0100 | ||
| 008 | 130303s9999 xx 000 0 und d | ||
| 040 | _cARRUPELIB | ||
| 050 | _aDS436.T371965 | ||
| 100 | _aThapar, Romila | ||
| 245 | 2 | _aA history of India | |
| 260 | _aBaltimore | ||
| 260 | _bPenguin Books | ||
| 260 | _C1965 | ||
| 440 | _aPelican books, A769-A770 | ||
| 700 | _aRomila Thapar , Spear, Thomas George Percival | ||
| 942 | 0 | 0 | _01 |
| 999 |
_c39683 _d39683 |
||